000 01087naa a22003017a 4500
001 BR8405358
003 BR-BrBNA
005 20250721154451.0
007 ta
008 250630b bl.|||m| |||| 00| 0 por d
040 _aBR-BrBNA
_bpor
_cBiblioteca Nacional de Agricultura
041 _a(Pt)
072 _aF04
_b0120
_b3830
_b3840
090 _aF04 BR8405358
100 1 _aNakayama, L.H.I.
100 1 _aSantos, R.F.
245 1 _aEfeito residual da adubacao fosfatada e da calagem sobre a cultura do milho [Zea mays]
500 _aResultados de pesquisa com a cultura do milho em 1983 Dourados, MS (Brasil): 1984. p. 40-46 (BR8405358-AMS)
773 0 _tResultados de pesquisa com a cultura do milho em 1983
_wF04 BR8405358
_gDourados, MS (Brasil), 1984. p. 40-46
650 _aMILHO
650 _aFERTILIZANTE FOSFATADO
650 _aADUBACAO
650 _aCALAGEM
650 _aEFEITO RESIDUAL
490 _aDocumentos - Unidade de Execucao de Pesquisa de Ambito Estadual de Dourados (Brazil)
_vno. 11
942 _cAMS
_2AGRIS
909 _a202506
_bLúcia
_c55
_dLúcia Elande
999 _c334969
_d334969